| 000 | 01518nam a22002657a 4500 | ||
|---|---|---|---|
| 005 | 20170124103135.0 | ||
| 010 | _aA-724647 | ||
| 020 | _c35.00 | ||
| 035 | _aA-724647 | ||
| 037 | _bCen Lib/Ret | ||
| 040 |
_aDPL _bHN |
||
| 082 |
_aक _bमिश्रम |
||
| 100 |
_aमिश्र, माधव प्रसाद _985007 |
||
| 245 |
_aलड़की की बहादुरी तथा अन्य कहानियां : _cमाधव प्रसाद मिश्र ; संपादक मुरारीलाल _bपुराण इतिहास मूलक सामाजिक प्रेरणादाई कहानियों का पठनीय संकलन / |
||
| 246 |
_aLadki ki bahaduri tatha anya kahaniyan : puraan itihas mulak samajik prernadayi kahaniyon ka pathniya sankalan _bby Madhav Prasad Mishar ; sampadak Murarilal |
||
| 260 |
_aदिल्ली _bकान्ता प्रकाशन _c1994 |
||
| 270 |
_aबी -3/174-75, नन्द नगरी _bदिल्ली _e110093 |
||
| 300 |
_a96पृष्ठ. _c17सेमी(सजिल्द) |
||
| 650 |
_aहिंदी साहित्य _985008 |
||
| 650 |
_aहिंदी कहानी - ऐतिहासिक ,प्रेरणादायक _985009 |
||
| 650 |
_aHindi literature _985010 |
||
| 650 |
_aHindi story - historical , inspirational _985011 |
||
| 700 |
_aमुरारीलाल _985012 |
||
| 942 |
_2ddc _cHN _hक _mमिश्रम |
||
| 999 |
_c119456 _d119456 |
||